Guess the Olivia Rodrigo Song with No Hints - 4 - Statistics

General Stats
  • This quiz has been taken 243 times
  • The average score is 229 of 324
Answer Stats
% Correct
I
98%
a
97%
you
94%
the
90%
go
88%
me
86%
and
85%
And
85%
be
85%
my
84%
My
84%
to
84%
so
82%
win
82%
your
82%
he
81%
is
81%
it
81%
don't
80%
Co
78%
co
78%
But
77%
but
77%
know
77%
who
77%
all
76%
All
76%
are
76%
I'm
76%
in
76%
In
76%
like
76%
too
76%
you're
74%
then
73%
not
72%
of
72%
on
72%
that
72%
want
72%
Got
70%
for
69%
what
69%
jealousy
68%
Jealousy
68%
oh
68%
Oh
68%
see
68%
think
68%
can't
67%
it's
67%
much
67%
bad
66%
'Cause
66%
sick
66%
With
66%
every
65%
happy
65%
wanna
65%
car
64%
good
64%
I'd
64%
killing
64%
myself
64%
slowly
64%
yeah
64%
Anyone
63%
anyone
63%
comparison
63%
else
63%
even
63%
friends
63%
rather
63%
should
63%
out
61%
pretty
61%
true
61%
'Bout
60%
boyfriend
59%
cool
59%
let
59%
face
58%
kids
58%
perfect
57%
girls
56%
Just
56%
life
56%
night
56%
bodies
55%
following
55%
Happier
55%
them
55%
things
55%
teeth
54%
white
54%
back
53%
their
53%
Their
53%
didn't
52%
feels
52%
kinda
52%
phone
52%
room
52%
throw
52%
across
51%
daddy's
51%
lack
51%
living
51%
paper
51%
prettier
51%
Wish
51%
care
50%
Started
49%
weight
49%
beauty's
47%
God
47%
nice
47%
up
47%
again
45%
getting
45%
help
45%
loss
45%
photos
45%
vacation
45%
clothes
44%
everyone
44%
vintage
42%
caught
38%
losing
38%
stand
36%
crazy
35%
sound
34%
get's
18%
anybody
10%
No matching quizzes found
Score Distribution
Percent of People with Each Score
Percentile by Number Answered
Your Score History
You have not taken this quiz